| 000 | 00956nam a22002297a 4500 | ||
|---|---|---|---|
| 005 | 20180108154538.0 | ||
| 010 | _a1718EN-30ENG-122015 | ||
| 020 |
_a9789386062727 _c895.00 |
||
| 035 | _aB-682866-867 | ||
| 035 | _aEN-105547 | ||
| 037 |
_bAakar _adpl |
||
| 037 | _bDBAD/PUB | ||
| 082 | _a809.892830712 | ||
| 100 | _aBean, Thomas W. | ||
| 245 |
_aTeaching young adult literataure : _cby Thomas W. Bean, Judith Dunkerly-Bean [and] Helen J. Harper _bdeveloping students as world citizen / |
||
| 260 |
_aNew Delhi _bSAGE Publications _c2016 |
||
| 270 |
_aB1/I-1 Mohan Cooperative Industrial Area, Mathura Road _bNew Delhi _e110044 |
||
| 300 |
_axxviii, 336p. _c23cm(pbk) |
||
| 500 | _aIncludes index. | ||
| 942 |
_2ddc _cEN _mBEA _h809.892830712 |
||
| 999 |
_c144295 _d144295 |
||